A light-hearted look at the desert. (Record no. 21)

MARC details
000 -LEADER
fixed length control field 00603cam a2200241 4500
005 - DATE AND TIME OF LATEST TRANSACTION
control field 20260322212003.0
008 - FIXED-LENGTH DATA ELEMENTS--GENERAL INFORMATION
fixed length control field data
010 ## - LIBRARY OF CONGRESS CONTROL NUMBER
LC control number 74101697
020 ## - INTERNATIONAL STANDARD BOOK NUMBER
International Standard Book Number 0816502080
020 ## - INTERNATIONAL STANDARD BOOK NUMBER
International Standard Book Number 9780816502080
040 ## - CATALOGING SOURCE
Original cataloging agency DLC
Transcribing agency DLC
Modifying agency DLC
050 00 - LIBRARY OF CONGRESS CALL NUMBER
Classification number QH88
Item number .W28
082 00 - DEWEY DECIMAL CLASSIFICATION NUMBER
Classification number 574.909/5/4
092 ## - LOCALLY ASSIGNED DEWEY CALL NUMBER (OCLC)
Classification number 574.909 W28 1969
001 - CONTROL NUMBER
control field data
100 1# - MAIN ENTRY--PERSONAL NAME
Personal name Waggin, Chuck.
245 12 - TITLE STATEMENT
Title A light-hearted look at the desert.
Statement of responsibility, etc. Chuck Waggin.
260 ## - PUBLICATION, DISTRIBUTION, ETC.
Place of publication, distribution, etc. [Tucson]
Name of publisher, distributor, etc. University of Arizona Press
Date of publication, distribution, etc. [1969]
300 ## - PHYSICAL DESCRIPTION
Extent 94 p.
Other physical details illus.
Dimensions 19 x 27 cm.
350 ## - PRICE (NR) (BK AM CF MU VM SE) [OBSOLETE]
Price 1.95
650 #0 - SUBJECT ADDED ENTRY--TOPICAL TERM
Topical term or geographic name entry element Desert animals.
650 #0 - SUBJECT ADDED ENTRY--TOPICAL TERM
Topical term or geographic name entry element Desert plants.
Holdings
Withdrawn status Lost status Damaged status Not for loan Home library Current library Shelving location Date acquired Total checkouts Full call number Barcode Date last seen Price effective from Koha item type
        Riverside Riverside General stacks 22/03/2026   574.909/5/4 BC0010021 22/03/2026 22/03/2026 Books